Desarrollo de aplicación movil para enseñanza de idioma Inglés mediante sistema de gamificación para los estudiantes de la academia nacional de idiomas

Presenta el desarrollo de una aplicación móvil para el sistema operativo Android, con el cual se pretende apoyar a la enseñanza de los estudiantes de la academia nacional de idiomas, es una aplicación que mantendra un reporte de avance de los estudiantes cuando los dispositivos se conecten al in...

Full description

Bibliographic Details
Main Authors: Centeno Zavala, Denis Camilo, Porras Hernández, Jesús Alberto
Other Authors: Tutor: Lacayo Saballos, Gabriel Rafael
Format: Tesis Section = Libro
Language:Undetermined
Spanish
Published: Managua UNI 2020
Subjects:
LEADER 01270nam a2200289Ia 4500
008 240830s9999 xx 000 0 und d
040 |a BIBLIOTECA-RUSB/ Mon 005.133 C397 
041 |a spa 
082 |a Mon 005.133 C397 
100 1 |a Centeno Zavala, Denis Camilo 
100 1 |b Porras Hernández, Jesús Alberto 
245 1 0 |a Desarrollo de aplicación movil para enseñanza de idioma Inglés mediante sistema de gamificación para los estudiantes de la academia nacional de idiomas 
260 |a Managua  |b UNI  |c 2020 
300 |a 95 p. :il. 
500 |a Contiene: anexos y CD. 
502 |a Tesis (Ingeniero en Computación) - UNI, 2020. 
520 3 |a Presenta el desarrollo de una aplicación móvil para el sistema operativo Android, con el cual se pretende apoyar a la enseñanza de los estudiantes de la academia nacional de idiomas, es una aplicación que mantendra un reporte de avance de los estudiantes cuando los dispositivos se conecten al internet. 
650 7 |a APLICACION MOVIL 
650 7 |b  PROGRAMACION 
650 7 |c  ENSEÑANZA 
650 7 |d  EDUCACION- ANDROID 
650 7 |e  TECNOLOGIA 
650 7 |f  SISTEMAS DE GAMIFICACION 
700 1 |a Tutor:  |b Lacayo Saballos, Gabriel Rafael 
942 |c BK  |2 ddc 
991 |a TESIS 
999 |c 19710